Historia del movimiento obrero en América Latina : Guatemala, Honduras, El Salvador, Nicaragua, Costa Rica, Panamá /

Na minha lista:
Detalhes bibliográficos
Autor principal: González Casanova, Pablo (coord.)
Formato: Livro
Idioma:espanhol
Publicado em: México : Siglo XXI, 1985, c1985
Assuntos:
Tags: Adicionar Tag
Sem tags, seja o primeiro a adicionar uma tag!

MARC

LEADER 00000nam^a2200000^a^4500
001 000185329
005 20250521000000.0
009 20260310102147.967
020 |a 968-23-1231-0 
037 |a Acervo ITESO - Biblioteca 
041 |a ESP 
082 |a 322. 2  |b GON V. 2 
100 |a González Casanova, Pablo  |e (coord.) 
240 1 1 |a [Historia del movimiento obrero en América Latina] 
245 1 0 |a Historia del movimiento obrero en América Latina :  |b Guatemala, Honduras, El Salvador, Nicaragua, Costa Rica, Panamá /  |c Coord. de P. González Casanova. 
264 4 |a México :  |b Siglo XXI,  |c 1985, c1985 
300 |a 319 p. 
336 |a texto  |b txt  |2 rdacontenido 
337 |a sin mediación  |b n  |2 rdamedio 
338 |a volumen  |b nc  |2 rdasoporte 
649 |a XX 
650 |a Sindicalismo -  |z Guatemala 
650 |a Sindicalismo -  |z Honduras 
650 |a Sindicalismo -  |z El Salvador 
650 |a Sindicalismo -  |z Nicaragua 
650 |a Sindicalismo -  |z Costa Rica 
650 |a Sindicalismo -  |z Panamá 
650 |a Sindicalismo -  |z Latinoamérica 
650 |a Movimientos Obreros -  |z Latinoamérica 
650 |a Movimientos Sociales -  |z Latinoamérica 
650 |a Política -  |z Latinoamérica -  |x Historia 
650 |a Sociología Política 
650 |a Guatemala -  |x Condiciones Políticas 
650 |a Honduras -  |x Condiciones Políticas 
650 |a El Salvador -  |x Condiciones Políticas 
650 |a Nicaragua -  |x Condiciones Políticas 
650 |a Costa Rica -  |x Condiciones Políticas 
650 |a Panamá -  |x Condiciones Políticas 
650 |a Latinoamérica -  |x Condiciones Políticas 
910 |a Fondo Armando Suárez Gómez 
920 |a Impresos - Libros 
930 |a Fondos Especiales 
905 |a 111 
901 |a 0700003809  |b IT2  |c ESP  |u 20250521 
902 |a https://opac.biblio.iteso.mx/vufind/Record/000185329